Представление документа в формате RUSMARC

ПолеНазваниеЗначение
  Тип записи a
  Библиографический уровень m
001 Контрольный номер acb8ec8ec9a946dab00e1cc57d0b9403
005 Дата корректировки 20150305155352.5
010 Индекс ISBN __
a ISBN 978-5-394-01749-0
d Цена 169.00
101 Язык документа 0_
a Язык текста rus
102 Страна публикации __
a Страна публикации RU
200 Заглавие и сведения об ответственности 1_
a Заглавие Управление персоналом
e Сведения, относящиеся к заглавию учеб. пособие
b Общее обозначение материала Текст
f Первые сведения об ответственности под общ. ред. Г.И.Михайлиной
205 Сведения об издании __
a Основные сведения об издании 3-е изд., доп. и перераб.
210 Выходные данные 1_
d Дата издания 2012
c Издательство Дашков и К
a Место издания Москва
215 Физическое описание __
a Объем 279, [1] с.
610 Ключевые слова 0_
a Ключевые слова гриф УМО
610 Ключевые слова 0_
a Ключевые слова учебное пособие
610 Ключевые слова 0_
a Ключевые слова управление персоналом
610 Ключевые слова 0_
a Ключевые слова человеческий капитал
610 Ключевые слова 0_
a Ключевые слова трудовые ресурсы
610 Ключевые слова 0_
a Ключевые слова рынок труда
610 Ключевые слова 0_
a Ключевые слова трудовой коллектив
610 Ключевые слова 0_
a Ключевые слова конфликты
610 Ключевые слова 0_
a Ключевые слова кадры
610 Ключевые слова 0_
a Ключевые слова рабочая сила
610 Ключевые слова 0_
a Ключевые слова аттестация персонала
610 Ключевые слова 0_
a Ключевые слова деловой этикет
610 Ключевые слова 0_
a Ключевые слова корпоративная культура
610 Ключевые слова 0_
a Ключевые слова организационная культура
610 Ключевые слова 0_
a Ключевые слова мотивация персонала
686 Индексы других классификаций __
a Классификационный индекс 65.050.9(2)2
2 Код системы rubbk
701 Альтернативная интеллектуальная ответственность _1
a Фамилия Михайлина
b Имя Г.И.
701 Альтернативная интеллектуальная ответственность _1
a Фамилия Матраева
b Имя Л.В.
701 Альтернативная интеллектуальная ответственность _1
a Фамилия Михайлин
b Имя Д.Л.
701 Альтернативная интеллектуальная ответственность _1
a Фамилия Беляк
b Имя А.В.
702 Вторичная интеллектуальная ответственность _1
a Фамилия Михайлина
b Имя Г.И.
4 Код отношения 340
801 Источник записи _0
a Страна RU
b Организация РУК
c Дата составления 20140113
g Правила каталогизации PSBO
801 Источник записи _1
a Страна RU
b Организация РУК
c Дата составления 20140113
g Правила каталогизации PSBO
852 Данные о местонахождении __
i Авторский знак У 67
j Шифр хранения ББК 65.050
901 Тип документа __
t Тип документа m
938 Служебная информация __
a Название организации Головной вуз
b Имя БД BOOK
c Название АИБС АИБС ИРБИС
952 Тип литературы __
b Гриф литературы для ВШ гриф УМО
c Вид литературы учебное пособие